<?xml version="1.0" encoding="UTF-8"?>
<record
    xmlns:xsi="http://www.w3.org/2001/XMLSchema-instance"
    xsi:schemaLocation="http://www.loc.gov/MARC21/slim http://www.loc.gov/standards/marcxml/schema/MARC21slim.xsd"
    xmlns="http://www.loc.gov/MARC21/slim">

  <leader>00196nam a2200085   4500</leader>
  <controlfield tag="001">1254713</controlfield>
  <controlfield tag="005">20251121095750.0</controlfield>
  <datafield tag="245" ind1=" " ind2=" ">
    <subfield code="a">BU B&#x130;Z&#x130;M ANLA&#x15E;MAMIZ </subfield>
    <subfield code="c">RYAN ANDREWS</subfield>
  </datafield>
  <datafield tag="260" ind1=" " ind2=" ">
    <subfield code="b">T&#x130;MA&#x15E; YAYINLARI</subfield>
  </datafield>
  <datafield tag="999" ind1=" " ind2=" ">
    <subfield code="c">1254713</subfield>
    <subfield code="d">1254713</subfield>
  </datafield>
</record>
